佐賀県の戦前市制・町制 - Statistics

General Stats
  • This quiz has been taken 95 times
  • The average score is 18 of 25
Answer Stats
施行日 施行内容 所属郡 回答 % Correct
1889.04.01 市制 (市) 佐賀市
100%
1889.04.01 町制 西松浦郡 伊万里町
98%
1907.03.19 町制 三養基郡 鳥栖町
98%
1932.01.01 市制 (市) 唐津市
98%
1889.04.01 町制 東松浦郡 唐津町
95%
1889.04.01 町制 杵島郡 武雄町
93%
1929.04.22 町制 藤津郡 嬉野町
93%
1889.04.01 町制 小城郡 小城町
91%
1912.12.01 町制 藤津郡 鹿島町
91%
1889.04.01 町制 西松浦郡 有田町
88%
1936.01.01 町制 杵島郡 大町町
86%
1893.07.01 町制 神埼郡 神埼町
84%
1936.04.01 町制 杵島郡 白石町
79%
1939.01.01 町制 三養基郡 基山町
79%
1928.08.01 町制 東松浦郡 呼子町
74%
1918.10.05 町制 藤津郡 塩田町
72%
1894.04.24 町制 小城郡 牛津町
63%
1922.07.01 町制 東松浦郡 浜崎町
53%
1935.09.01 町制 東松浦郡 相知町
51%
1918.08.03 町制 藤津郡 浜町
49%
1944.04.29 町制 杵島郡 北方町
44%
1936.04.01 町制 西松浦郡 山代町
33%
1935.09.01 町制 東松浦郡 佐志町
30%
1935.11.03 町制 神埼郡 蓮池町
30%
1936.02.11 町制 三養基郡 田代町
30%
No matching quizzes found
Score Distribution
Percent of People with Each Score
Percentile by Number Answered
Your Score History
You have not taken this quiz